Normal view
MARC view
- ACCOUNTANTS UNITED STATES ACCOUNTING UNITED STATE QUALITY CONYTOL
Entry Topical Term
001 - CONTROL NUMBER
- control field: 74749
003 - CONTROL NUMBER IDENTIFIER
- control field: NUST
005 - DATE AND TIME OF LATEST TRANSACTION
- control field: 20210628205300.0
008 - FIXED-LENGTH DATA ELEMENTS
- fixed length control field: 210628|| aca||aabn | a|a d
040 ## - CATALOGING SOURCE
- Original cataloging agency: NUST
- Transcribing agency: NUST
150 ## - HEADING--TOPICAL TERM
- Topical term or geographic name entry element: ACCOUNTANTS UNITED STATES ACCOUNTING UNITED STATE QUALITY CONYTOL
670 ## - SOURCE DATA FOUND
- Source citation: Work cat.: (NUST): BRENSER, WAYNE G 74748, QUALITY CONTROL SYSTEM IN ACCOUNTING A GUIDE TO IMPLEMENTATION, 1979
